| 000 | 00987cam a2200313 i 4500 | ||
|---|---|---|---|
| 003 | EG-GICUC | ||
| 005 | 20260223105904.0 | ||
| 008 | 260223s1991 enk frb 001 0 eng d | ||
| 020 | _a0421416300 | ||
| 020 | _a9780421416307 | ||
| 040 |
_aEG-GICUC _cEG-GICUC _dEG-GICUC _beng _erda |
||
| 082 | 0 | 0 |
_a347.224 _221 |
| 092 | 0 | 4 | _221 |
| 099 | _aLaw 12 1991 | ||
| 100 | 1 | _aRedfern, Alan. | |
| 245 | 1 | 0 |
_aLaw and practice of international commercial arbitration / _cby Alan Redfern, Martin Hunter. |
| 250 | _a2nd edition. | ||
| 264 |
_aLondon : _bSweet & Maxwell, _c1991. |
||
| 300 |
_alvii, 838 pages; _c26 cm. |
||
| 336 |
_atext _2rdacontent |
||
| 337 |
_aComputer _2rdamedia |
||
| 338 |
_aOnline Resource _2rdacarrier |
||
| 504 | _aIncludes bibliographical references and index. | ||
| 650 | 0 | _aInternational commercial arbitration. | |
| 700 | 1 | _aHunter, Martin. | |
| 856 | 4 | 0 | _uhttps://fll.law.cu.edu.eg/fulltext/bks/ENGB12-00015.pdf |
| 905 | _a10 | ||
| 942 |
_2ddc _cBK _e21 _n0 |
||
| 999 |
_c64040 _d64040 |
||